000 01247nam a2200313 u 4500
001 000002418
003 DO-SdBNP
005 20230410114424.0
007 ta
008 090702s1979 dr r 000 0 spa d
040 _aDO-SdBNP
_bspa
_cBNPHU
082 4 _a327.7293
_bM971h
_222
100 1 _aMuñoz, María Elena
_97664
245 1 0 _aHistoria de las relaciones internacionales de la República Dominicana /
_cMaría Elena Muñoz.
260 _aSanto Domingo :
_bUASD,
_c1979.
300 _av. ;
_c22cm.
490 1 _aPublicaciones de la Universidad Autónoma de Santo Domingo ;
_v280
490 1 _aHistoria y sociedad ;
_v38
500 _aIncluye datos biográficos de la autora en la contracubierta
504 _aBibliografía : p. 215-221
505 0 _gv. 1
_tEl colonialismo europeo y las relaciones dominico-haitianas (1844 -- 1861).
590 _aInventariado, 2018/BT
651 4 _aRepública Dominicana
_xRelaciones exteriores
_xHistoria
_97665
651 4 _aRepública Dominicana
_xHistoria
_yOcupaciWn haitiana 1822-1844
_97666
830 0 _aPublicaciones de la Universidad Autónoma de Santo Domingo ;
_n280
_97667
830 0 _aHistoria y sociedad ;
_n38
_97668
910 _aValidado. Control de calidad. MFF
942 _2ddc
_cLBS1
999 _c2254
_d2254